000 00406nam a2200169Ia 4500
008 230711s9999||||xx |||||||||||||| ||und||
020 _a978-81-265-1542-4
041 _aENG
082 _a629.8048
_bJO-P
100 _aJoji P
245 0 _aPneumatic Controls
250 _a1st Ed.
260 _c2016
_aNew Delhi
_bWiley India Pvt.Ltd
300 _a288p.
650 _aMechanical Engineering
942 _cBK
999 _c6660
_d6660